| 000 | 00801cam a2200277 a 4500 | ||
|---|---|---|---|
| 001 | 16951212 | ||
| 005 | 20180109034439.0 | ||
| 008 | 110906s2012 moua 001 0 eng | ||
| 010 | _a 2011037263 | ||
| 020 | _a9780323080682 (hardcover : alk. paper) | ||
| 020 | _a9780323080675 (pbk. : alk. paper) | ||
| 035 | _a(DNLM)101568526 | ||
| 040 |
_aDNLM/DLC _cDLC _dDLC |
||
| 041 | _aeng | ||
| 042 | _apcc | ||
| 060 | 1 | 0 | _aWY 193 |
| 080 | _a610.730 | ||
| 082 | 0 | 0 |
_a610.730 SOR _223 |
| 100 | 1 | _a1 | |
| 101 | _aINF | ||
| 245 | 1 | 0 |
_aMosby's textbook for nursing assistants / _cSheila A. Sorrentino, Leighann N. Remmert. |
| 246 | 1 | _aTextbook for nursing assistants | |
| 906 |
_a7 _bcbc _corignew _d1 _eecip _f20 _gy-gencatlg |
||
| 942 |
_2ddc _cBK |
||
| 999 |
_c39835 _d39835 |
||